01833nam a2200265 i 4500003000900000005001700009006001900026007000300045008004100048040003000089082001400119111009700133245014900230264011300379300003000492336002600522337003200548338002800580505076300608590002701371700003301398942001401431952010501445999001701550DO-SdBNP20230504142851.0a||||gr|||| 00| 0 ta230504e1976 dr ||||gr|||| 001 0 spa d aDO-SdBNPbspacBNPHUerda 4222bP953c1 aPrimer congreso Nacional de Desarrollo de la Comunidadn(1° :d1976:cSanto Domingo)98332410aPrimer congreso Nacional de desarrollo de la comunidad:b"el gobierno en los programas de desarrollo de la comunidad". /cRadhames de los Santos aSanto Domingo :bCentro de Investigación, Formación y Asesoría Social (CIFAS),bCruzada de Amor,c1976 a[113] páginas ;c27 cm. 2rdacontenatextobtxt 2rdamediaasin mediciónbn 2rdacarrieravolumenbnc aPreambulo.tI.- Ponencia del Lic. Radhamés de los Santos, Asistente del Departamento de Programación y Estudios de la O. D. G.--tII- Ponencia de la Lic. Quisqueya Alt. Rivas Jerez, Directora Ejecutiva del CIFAS.--tIII- Ponencia del Lic. Lorenzo Antonio Coste, Encargado de la Sección de Supervisión Campesina del I. A. D.--tIV- Ponencia de la Sra. Calina Ogando, Técnico en Desarrollo Comunal, Cruzada de Amor.--tV- Ponencia del Sr. Manuel H. Figuereo, - Técnico en Desarrollo Comunal, Secretaría de Estado de Agricultura.--tVI- Ponencia del Sr Rómulo Tiburcio.-- I. D. S. S.--tVII -Ponencia del Sr. William Mackinny, Técnico en Desarrollo Comunal. Secretaría de Estado de Agricultura.--tVIII - Conclusiones Generales del Congreso. aInventariado 2023 / MF1 aSantos, Radhames, de 983325 2ddccLBS1 00102ddc51708PDaBNPHUbBNPHUcCTd2023-05-04l0oP953cp2023-1599r2023-05-04w2023-05-04yLBS1 c53421d53421